countries closest to Lesotho - Statistics

General Stats
  • This quiz has been taken 36 times
  • The average score is 17 of 20
Answer Stats
Km Country Miles % Correct
0 South Africa 0
100%
2 235.5 Madagascar 1 389.1
96%
1 219.2 Namibia 757.6
96%
883.2 Botswana 548.8
93%
467 Eswatini 290.2
93%
1 180.9 Zimbabwe 733.8
93%
2 309.4 Angola 1 435
89%
3 519.4 Congo 2 186.8
89%
1 831.3 Zambia 1 137.9
89%
2 920.8 Burundi 1 814.9
85%
3 443.7 Kenya 2 139.8
85%
1 422.5 Mozambique 883.9
85%
3 079.5 Rwanda 1 913.5
85%
2 674.9 Tanzania 1 662.1
85%
2 548 Comoros 1 583.3
81%
1 921.7 Malawi 1 194.1
81%
3 116.7 Mauritius 1 936.6
81%
3 469.7 Uganda 2 156
81%
3 652.4 Gabon 2 269.5
78%
2 922.1 Democratic Republic of the Congo 1 815.7
63%
No matching quizzes found
Score Distribution
Percent of People with Each Score
Percentile by Number Answered
Your Score History
You have not taken this quiz